[Event "HUN-chT U18"]
[Site "Hajduboszormeny"]
[Date "2016.11.03"]
[Round "2.45"]
[White "Posztos, Marcell"]
[Black "Bacsi, Sandor"]
[Result "1-0"]
[WhiteElo "1652"]
[BlackElo "1422"]
[PlyCount "87"]
[EventDate "2016.11.02"]
[EventType "team-swiss"]
[EventRounds "8"]
[EventCountry "HUN"]
[SourceTitle "CBM 175 Extra"]
[Source "ChessBase"]
[SourceDate "2016.12.12"]
[SourceVersion "1"]
[SourceVersionDate "2016.12.12"]
[SourceQuality "1"]

1. d4 d5 2. c4 c6 3. Nc3 Nf6 4. Nf3 Bf5 5. Bg5 Nbd7 6. e3 h6 7. Bh4 e6 8. a3 Be7 9. Bd3 Bh7 10. 0-0 0-0 11. Rc1 Rc8 12. Qe2 Re8 13. Bxh7+ Nxh7 14. Bg3 Nb6 15. cxd5 cxd5 16. Nb5 a6 17. Bc7 Qd7 18. Bxb6 axb5 19. Ne5 Qd6 20. Qxb5 Bf6 21. Bc5 Qc7 22. Nd3 Qc6 23. Qb3 Qa6 24. Bb4 b6 25. Rc2 Rc4 26. Bd2 Rec8 27. Rfc1 Ng5 28. f3 Be7 29. Nf4 b5 30. Rxc4 bxc4 31. Qc2 Rb8 32. Bc3 Rb3 33. Re1 f5 34. Ng6 Bd6 35. h4 Kf7 36. hxg5 Kxg6 37. gxh6 gxh6 38. e4 Bg3 39. exf5+ exf5 40. Re3 Qd6 41. Qe2 Rb6 42. Re8 Qf6 43. Rg8+ Kf7 44. Qe8# 1-0

[Event "HUN-chT U18"]
[Site "Hajduboszormeny"]
[Date "2016.11.03"]
[Round "3.33"]
[White "Posztos, Marcell"]
[Black "Varga, Richard"]
[Result "1/2-1/2"]
[WhiteElo "1652"]
[BlackElo "2025"]
[PlyCount "64"]
[EventDate "2016.11.02"]
[EventType "team-swiss"]
[EventRounds "8"]
[EventCountry "HUN"]
[SourceTitle "CBM 175 Extra"]
[Source "ChessBase"]
[SourceDate "2016.12.12"]
[SourceVersion "1"]
[SourceVersionDate "2016.12.12"]
[SourceQuality "1"]

1. d4 Nf6 2. c4 g6 3. Nc3 Bg7 4. e4 d6 5. f3 0-0 6. Be3 b6 7. Qd2 c5 8. d5 e6 9. Bd3 exd5 10. cxd5 a6 11. Nge2 b5 12. 0-0 Nbd7 13. Rfc1 Ne5 14. Bf4 Nfd7 15. Rab1 Nxd3 16. Qxd3 Ne5 17. Qd2 f5 18. Rf1 b4 19. Nd1 Ra7 20. Ne3 fxe4 21. fxe4 Raf7 22. b3 a5 23. Nc4 Nxc4 24. bxc4 Qe7 25. Qc2 Bg4 26. Bg3 a4 27. Rxf7 Rxf7 28. Re1 a3 29. Nc1 Bd4+ 30. Kh1 Qf8 31. Qd3 Rf3 32. Qe2 Rxg3 1/2-1/2

[Event "HUN-chT U18"]
[Site "Hajduboszormeny"]
[Date "2016.11.02"]
[Round "1.27"]
[White "Czupor, Attila"]
[Black "Posztos, Marcell"]
[Result "1-0"]
[WhiteElo "2233"]
[BlackElo "1652"]
[PlyCount "45"]
[EventDate "2016.11.02"]
[EventType "team-swiss"]
[EventRounds "8"]
[EventCountry "HUN"]
[SourceTitle "CBM 175 Extra"]
[Source "ChessBase"]
[SourceDate "2016.12.12"]
[SourceVersion "1"]
[SourceVersionDate "2016.12.12"]
[SourceQuality "1"]

1. e4 e6 2. d4 d5 3. Nc3 Nf6 4. Bd3 h6 5. Nf3 c5 6. 0-0 Be7 7. Re1 0-0 8. exd5 Nxd5 9. Nxd5 Qxd5 10. c4 Qd8 11. dxc5 Bxc5 12. a3 Qf6 13. Qe2 Nc6 14. Ra2 Rd8 15. b4 Nd4 16. Nxd4 Bxd4 17. Qe4 Bc3 18. Qh7+ Kf8 19. Re3 b6 20. Rf3 Qe5 21. Re2 Qh5 22. h3 Bb7 23. Rxe6 1-0

[Event "HUN-ch U18"]
[Site "Balatonlelle"]
[Date "2016.06.26"]
[Round "3"]
[White "Csendi, Balazs"]
[Black "Posztos, Marcell"]
[Result "1-0"]
[WhiteElo "1977"]
[BlackElo "1672"]
[PlyCount "58"]
[EventDate "2016.06.24"]
[EventType "swiss"]
[EventRounds "7"]
[EventCountry "HUN"]
[SourceTitle "CBM 173 Extra"]
[Source "ChessBase"]
[SourceDate "2016.08.29"]
[SourceVersion "1"]
[SourceVersionDate "2016.08.29"]
[SourceQuality "1"]

1. e4 d6 2. d4 Nf6 3. Bd3 g6 4. Nf3 Bg7 5. Bg5 0-0 6. Qd2 Re8 7. Nc3 c6 8. Bh6 Bh8 9. h4 Nh5 10. 0-0-0 Qa5 11. Rdg1 Nd7 12. g4 Ng7 13. Ng5 Nf6 14. Bc4 d5 15. exd5 b5 16. Bb3 b4 17. dxc6 bxc3 18. Bxf7+ Kf8 19. Qf4 cxb2+ 20. Kb1 Rd8 21. c7 Rd7 22. Qf3 Rxc7 23. Qxa8 Qc3 24. Bb3 Rb7 25. Ne6+ Ke8 26. Nc5 Rc7 27. Bxg7 Bxg7 28. Rg3 Qd2 29. Ne6 Rc6 1-0

[Event "Budapest Karacsonyi 7th"]
[Site "Budapest"]
[Date "2015.12.29"]
[Round "4"]
[White "Posztos, Marcell"]
[Black "Varga, Attila"]
[Result "0-1"]
[WhiteElo "1650"]
[BlackElo "1859"]
[PlyCount "82"]
[EventDate "2015.12.27"]
[EventType "swiss"]
[EventRounds "7"]
[EventCountry "HUN"]
[SourceTitle "CBM 170 Extra"]
[Source "ChessBase"]
[SourceDate "2016.02.25"]
[SourceVersion "1"]
[SourceVersionDate "2016.02.25"]
[SourceQuality "1"]

1. d4 Nf6 2. c4 d5 3. Nc3 c6 4. Nf3 e6 5. Bg5 Be7 6. e3 0-0 7. cxd5 exd5 8. Bd3 Bg4 9. Qc2 h6 10. Bh4 Nbd7 11. h3 Bxf3 12. gxf3 Nh5 13. Bxe7 Qxe7 14. 0-0-0 b5 15. Rhg1 a5 16. Rg2 a4 17. Rdg1 Rfb8 18. Bg6 fxg6 19. Qxg6 Ndf6 20. Qxh6 Ra7 21. e4 b4 22. e5 bxc3 23. exf6 cxb2+ 24. Kb1 Qxf6 25. Qxh5 Qxd4 26. Qg6 Re7 27. Qc2 a3 28. Rg6 Rbe8 29. Rd1 Re1 30. Rg1 Rxg1 31. Rxg1 Qb4 32. Qd1 Qc3 33. h4 Kf8 34. h5 Qe5 35. Rf1 c5 36. Qd2 d4 37. h6 Qf5+ 38. Qc2 Qxc2+ 39. Kxc2 gxh6 40. Kd3 Rb8 41. Kc4 b1Q 0-1

[Event "Budapest Karacsonyi 7th"]
[Site "Budapest"]
[Date "2015.12.27"]
[Round "1"]
[White "Palvolgyi, Istvan"]
[Black "Posztos, Marcell"]
[Result "1-0"]
[WhiteElo "1956"]
[BlackElo "1650"]
[PlyCount "81"]
[EventDate "2015.12.27"]
[EventType "swiss"]
[EventRounds "7"]
[EventCountry "HUN"]
[SourceTitle "CBM 170 Extra"]
[Source "ChessBase"]
[SourceDate "2016.02.25"]
[SourceVersion "1"]
[SourceVersionDate "2016.02.25"]
[SourceQuality "1"]

1. e4 e6 2. d4 d5 3. Bd3 dxe4 4. Bxe4 Nf6 5. Bf3 Bd6 6. Nc3 c6 7. Nge2 Nbd7 8. Bg5 Qc7 9. Qd2 0-0 10. h4 Nd5 11. Ne4 f6 12. Nxd6 Qxd6 13. Be3 Nxe3 14. Qxe3 Nb6 15. 0-0-0 Re8 16. Qb3 Kh8 17. Kb1 e5 18. dxe5 Qxe5 19. Qc3 Qb5 20. Nd4 Qa4 21. Nxc6 Be6 22. b3 Qa3 23. Qb2 Qc5 24. Nd4 Bd5 25. c4 Be4+ 26. Bxe4 Rxe4 27. f3 Re3 28. Rhe1 Rae8 29. Rxe3 Rxe3 30. Nc2 Re8 31. Qd4 Qh5 32. c5 Nc8 33. Qd7 Rg8 34. b4 Qxh4 35. Qxb7 Qf2 36. g4 g6 37. Rd7 Qh2 38. Rc7 Ne7 39. Rxe7 a5 40. b5 Qg1+ 41. Kb2 1-0

[Event "Budapest-chT1 Lilienthal 1516"]
[Site "Budapest"]
[Date "2015.12.13"]
[Round "5"]
[White "Posztos, Marcell"]
[Black "Nogrady, Izsak"]
[Result "1-0"]
[WhiteElo "1530"]
[BlackElo "1344"]
[PlyCount "35"]
[EventDate "2015.09.20"]
[EventType "team-tourn"]
[EventRounds "9"]
[EventCountry "HUN"]
[SourceTitle "EXT 2021"]
[Source "ChessBase"]
[SourceDate "2020.10.23"]
[SourceVersion "1"]
[SourceVersionDate "2020.10.23"]
[SourceQuality "1"]
[WhiteTeam "Budapest EAC II"]
[BlackTeam "Fabulon"]
[WhiteTeamCountry "HUN"]
[BlackTeamCountry "HUN"]

1. d4 d5 2. c4 e6 3. Nc3 Nf6 4. cxd5 exd5 5. Bg5 Be7 6. e3 Bf5 7. Bd3 Bxd3 8. Qxd3 c6 9. Nf3 Nbd7 10. 0-0 Qc7 11. Rac1 a6 12. Qf5 Qd6 13. Rfe1 g6 14. Qd3 Rc8 15. e4 Qb8 16. exd5 cxd5 17. Qe3 Qd6 18. Nb5 1-0

[Event "Budapest-chT1 Lilienthal 1516"]
[Site "Budapest"]
[Date "2015.11.15"]
[Round "4"]
[White "Kertesz, Aron Borsa"]
[Black "Posztos, Marcell"]
[Result "0-1"]
[WhiteElo "1351"]
[BlackElo "1530"]
[PlyCount "46"]
[EventDate "2015.09.20"]
[EventType "team-tourn"]
[EventRounds "9"]
[EventCountry "HUN"]
[SourceTitle "EXT 2021"]
[Source "ChessBase"]
[SourceDate "2020.10.23"]
[SourceVersion "1"]
[SourceVersionDate "2020.10.23"]
[SourceQuality "1"]
[WhiteTeam "Budapest Ujpest KSE"]
[BlackTeam "Budapest EAC II"]
[WhiteTeamCountry "HUN"]
[BlackTeamCountry "HUN"]

1. e4 e6 2. d3 d5 3. Nd2 c5 4. Ngf3 Nc6 5. c3 Bd6 6. Be2 Nge7 7. 0-0 0-0 8. Re1 Ng6 9. Nf1 b6 10. Ng3 Bb7 11. Qc2 Rc8 12. Bg5 f6 13. Bd2 d4 14. c4 Bf4 15. a3 Bxd2 16. Qxd2 Rb8 17. b4 e5 18. b5 Na5 19. Rab1 Nf4 20. h3 Qe8 21. Bf1 Qg6 22. Nh4 Qh6 23. Nhf5 Nxh3+ 0-1

[Event "Budapest FS09 FM-B"]
[Site "Budapest"]
[Date "2015.09.11"]
[Round "6"]
[White "Posztos, Marcell"]
[Black "Oberfrank, Istvan1111"]
[Result "1-0"]
[WhiteElo "1530"]
[BlackElo "1729"]
[PlyCount "103"]
[EventDate "2015.09.05"]
[EventType "tourn"]
[EventRounds "9"]
[EventCountry "HUN"]
[SourceTitle "EXT 2016"]
[Source "ChessBase"]
[SourceDate "2015.10.08"]
[SourceVersion "1"]
[SourceVersionDate "2015.10.08"]
[SourceQuality "1"]

1. d4 Nf6 2. c4 g6 3. Nc3 Bg7 4. e4 d6 5. f3 0-0 6. Be3 e5 7. d5 Ne8 8. g4 f5 9. gxf5 gxf5 10. Qd2 f4 11. Bf2 Na6 12. 0-0-0 Qe7 13. h4 Rf6 14. Bh3 Bxh3 15. Nxh3 Rh6 16. Rdg1 Kh8 17. Rg2 Bf6 18. Rhg1 Ng7 19. Ng5 Rh5 20. Rg4 h6 21. Nh3 Rg8 22. Qe1 Nc5 23. Kc2 a6 24. Rh1 Nd7 25. Ng1 Nf8 26. Nge2 Kh7 27. Qg1 Qf7 28. Rh2 Ng6 29. Qh1 Ne8 30. Rh3 Be7 31. Rg2 Nf6 32. Be1 Qe8 33. Rgh2 Qd8 34. Bf2 Rg7 35. Be1 Nd7 36. Bf2 Bf6 37. Qe1 Ne7 38. Nd1 c5 39. Ndc3 Qa5 40. Nc1 Nc8 41. a3 b5 42. Qe2 b4 43. axb4 Qxb4 44. b3 Nf8 45. Nd3 Qa5 46. Qe1 Rb7 47. Rg2 Ng6 48. Rgh2 Nb6 49. Qg1 Rg7 50. Qg4 Rxh4 51. Bxh4 Nxh4 52. Qe6 1-0

[Event "HUN-ch U16"]
[Site "Balatonlelle"]
[Date "2015.06.21"]
[Round "4"]
[White "Posztos, Marcell"]
[Black "Szukics, Adam"]
[Result "0-1"]
[WhiteElo "1516"]
[BlackElo "1985"]
[PlyCount "72"]
[EventDate "2015.06.18"]
[EventType "swiss"]
[EventRounds "7"]
[EventCountry "HUN"]
[SourceTitle "CBM 167 Extra"]
[Source "ChessBase"]
[SourceDate "2015.09.14"]
[SourceVersion "1"]
[SourceVersionDate "2015.09.14"]
[SourceQuality "1"]

1. d4 d5 2. c4 c6 3. cxd5 cxd5 4. Nc3 Nf6 5. Bf4 Nc6 6. e3 a6 7. Nf3 Bg4 8. h3 Bxf3 9. Qxf3 e6 10. Bd3 Be7 11. 0-0 0-0 12. Rac1 Rc8 13. a3 Na5 14. Rfd1 Nb3 15. Rc2 Qb6 16. Qe2 Qa7 17. Nb1 b5 18. Nd2 Rxc2 19. Bxc2 Na5 20. Rc1 Nc4 21. Nxc4 dxc4 22. Be5 Nd7 23. Bf4 Rc8 24. Qh5 g6 25. Qg4 Nf6 26. Qf3 a5 27. g4 Nd5 28. Bh6 Qd7 29. Kg2 c3 30. bxc3 Rxc3 31. Qe4 Qc6 32. f3 Bxa3 33. Qe5 f6 34. Qb8+ Qc8 35. Qa7 Rc7 36. Qxa5 Bxc1 0-1

[Event "HUN-ch U16"]
[Site "Balatonlelle"]
[Date "2015.06.18"]
[Round "1"]
[White "Buzas, Bertalan"]
[Black "Posztos, Marcell"]
[Result "1-0"]
[WhiteElo "2038"]
[BlackElo "1516"]
[PlyCount "53"]
[EventDate "2015.06.18"]
[EventType "swiss"]
[EventRounds "7"]
[EventCountry "HUN"]
[SourceTitle "CBM 167 Extra"]
[Source "ChessBase"]
[SourceDate "2015.09.14"]
[SourceVersion "1"]
[SourceVersionDate "2015.09.14"]
[SourceQuality "1"]

1. e4 e6 2. d4 d5 3. Nd2 Nf6 4. e5 Nfd7 5. Bd3 c5 6. c3 Nc6 7. Ne2 f6 8. Nf4 Qe7 9. exf6 Qxf6 10. Nf3 cxd4 11. 0-0 Be7 12. cxd4 0-0 13. Bb5 Bd6 14. Bxc6 bxc6 15. Nd3 e5 16. Bg5 Qf5 17. dxe5 Nxe5 18. Ndxe5 Bxe5 19. Nxe5 Qxe5 20. Qd2 Rf5 21. Rae1 Qd6 22. Re8+ Kf7 23. Rfe1 Kg6 24. Bh4 h6 25. g4 Rf4 26. Qd3+ Bf5 27. gxf5+ 1-0

[Event "HUN-chT2 Erkel 1415"]
[Site "Hungary"]
[Date "2014.11.16"]
[Round "2.12"]
[White "Czako, Patrik"]
[Black "Posztos, Marcell"]
[Result "1/2-1/2"]
[WhiteElo "1730"]
[BlackElo "1397"]
[PlyCount "38"]
[EventDate "2014.09.28"]
[EventType "team-tourn"]
[EventRounds "9"]
[EventCountry "HUN"]
[SourceTitle "EXT 2016"]
[Source "ChessBase"]
[SourceDate "2015.10.08"]
[SourceVersion "1"]
[SourceVersionDate "2015.10.08"]
[SourceQuality "1"]
[WhiteTeam "Matra"]
[BlackTeam "BEAC"]
[WhiteTeamCountry "HUN"]
[BlackTeamCountry "HUN"]

1. d4 Nf6 2. c4 g6 3. f3 e6 4. Bg5 d5 5. Nc3 Be7 6. e4 dxe4 7. Nxe4 Nxe4 8. Bxe7 Qxe7 9. fxe4 Qh4+ 10. Kd2 Qxe4 11. Nf3 0-0 12. Qe2 Qf4+ 13. Qe3 Qd6 14. Rd1 Rd8 15. Kc2 Nc6 16. Be2 Nb4+ 17. Kb3 a5 18. c5 Qe7 19. Ne5 f6 1/2-1/2

[Event "Liptovsky Mikulas CupT U20"]
[Site "Liptovsky Mikulas"]
[Date "2011.06.28"]
[Round "7"]
[White "Posztos, Marcell"]
[Black "Chuprova, Irina"]
[Result "0-1"]
[WhiteElo "1469"]
[BlackElo "1843"]
[PlyCount "104"]
[EventDate "2011.06.24"]
[EventType "team-tourn"]
[EventRounds "9"]
[EventCountry "SVK"]
[SourceTitle "CBM 143 Extra"]
[Source "ChessBase"]
[SourceDate "2011.08.29"]
[SourceVersion "1"]
[SourceVersionDate "2011.08.29"]
[SourceQuality "1"]
[WhiteTeam "V4 International"]
[BlackTeam "St Petersburg U20"]
[BlackTeamCountry "RUS"]

1. e4 c5 2. Nf3 d6 3. Be2 Nf6 4. Nc3 g6 5. 0-0 Bg7 6. d3 0-0 7. Be3 Nc6 8. Qd2 Ng4 9. h3 Nxe3 10. fxe3 Bd7 11. Qe1 Qb6 12. Rb1 c4 13. d4 Nb4 14. Qd1 Rac8 15. a3 Nc6 16. Bxc4 Nxd4 17. Bxf7+ Rxf7 18. exd4 Rcf8 19. Kh1 Bxd4 20. Qe2 Bg7 21. Qf2 Qxf2 22. Rxf2 Bxh3 23. Rbf1 Bd7 24. Nd1 Bg4 25. b3 Rf4 26. Ng5 Rxf2 27. Nxf2 Be2 28. Kg1 Bxf1 29. Kxf1 Bd4 30. Ngh3 Kg7 31. Ke1 Bxf2+ 32. Nxf2 h5 33. Nd3 g5 34. e5 dxe5 35. Nxe5 Rf5 36. Nf3 Kf6 37. Nd4 Rd5 38. c3 Rxd4 39. cxd4 Kf5 40. Ke2 Ke4 41. Kf2 Kxd4 42. Kf3 e5 43. g4 e4+ 44. Ke2 h4 45. Kf1 h3 46. Kg1 e3 47. Kh2 e2 48. Kxh3 e1Q 49. Kh2 Ke4 50. a4 Kf3 51. a5 Qg3+ 52. Kh1 Qg2# 0-1